América latina en su arquitectura
| Main Author: | |
|---|---|
| Format: | Section = Libro |
| Language: | Undetermined Spanish |
| Published: |
México
Unesco
1975
|
| Subjects: |
| LEADER | 00543nam a2200193Ia 4500 | ||
|---|---|---|---|
| 008 | 240829s9999 xx 000 0 und d | ||
| 040 | |a BIBLIOTECA-RUSB/ 720.98 S455 | ||
| 041 | |a spa | ||
| 082 | |a 720.98 S455 | ||
| 100 | 1 | |a Segre, Roberto | |
| 245 | 1 | 0 | |a América latina en su arquitectura |
| 260 | |a México |b Unesco |c 1975 | ||
| 300 | |a 317 p. :il. | ||
| 650 | 7 | |a ESTUDIO HISTORICO Y GEOGRAFICO | |
| 650 | 7 | |b ARQUITECTURA AMERICANA LATINA-ASPECTOS SOCIALES | |
| 650 | 7 | |c URBANISMO AMERICA LATINA | |
| 942 | |c BK |2 ddc | ||
| 991 | |a TEXTO | ||
| 999 | |c 5086 | ||